01135nam a22001697a 4500003000200000005001700002082001800019100003200037245003300069260004100102300000800143520064600151650003100797942000700828952011100835999001900946020260412131018.0 aKK 954.87 KAM aKamath, Suryanath U.918838 aConcise history of Karnataka aBangalorebM.C.C. Publicationsc2022 a340 aThis book deals in the study and research in Karnataka history for over three decades. In this book author has tried to present cogent accounts of activities of the Marathas, the Portuguese and the Mughuls in Karnataka and also given a brief outline of cultural Renaissance in the modern period. A. brief note on backward classes movement is also added. These sectons, together with the accounts on history of the freedom and unification Movements, have been the result of his researches, published elsewhere, presented here briefly. in this book researches on the Chalukyas, Rashtrakutas, Vijayanagara Empire and Keladi are also well known. aHistory - Karnataka918839 cDB 00104070aLBSNAAbLBSNAAd2026-04-12g250.00l0oKK 954.87 KAMp173427r2026-04-12w2026-04-12yDB0x2 c360739d360739